000 00551nam a2200193 a 4500
001 000008551
005 20200929161349.0
008 090917s1998 dr a 000 0 spa d
040 _aDO-SdBNP
082 _a843.7
_bD886d
100 1 _aDumas, Alejandro,
_c(hijo)
_d1824-1895
_922919
245 1 3 _aLa dama de las camelias /
_cAlejandro Dumas.
250 _a4ta. ed.
260 _aSanto Domingo :
_bAlfa y Omega,
_c1998.
300 _a169 p. :
_bil. ;
_c21 cm.
650 4 _aNovela francesa
_91075
650 4 _aLiteratura francesa
_91074
049 _aBNPD
999 _c8321
_d8321